Dictionary of military : (Record no. 101324)

MARC details
000 -LEADER
fixed length control field 00690nam a22001937a 4500
005 - DATE AND TIME OF LATEST TRANSACTION
control field 20160830164450.0
010 ## - LCCN (DPL NO)
LC control number ENG-115438-440
020 ## - INTERNATIONAL STANDARD BOOK NUMBER
Terms of availability 5000.00 (set of 3 vols)
International Standard Book Number 9788190821391(set of 3 vols)
035 ## - SYSTEM CONTROL NUMBER
System control number EN-98970-972
037 ## - SOURCE OF ACQUISITION
Source of stock number/acquisition DBAD/PUB
082 ## - DEWEY DECIMAL CLASSIFICATION NUMBER
Classification number 355.003
100 ## - MAIN ENTRY--PERSONAL NAME
Personal name K.K.Singh
245 ## - TITLE STATEMENT
Title Dictionary of military :
Statement of responsibility, etc by K.K. Singh
Remainder of title terms and definitions /
246 ## - VARYING FORM OF TITLE
Title proper/short title Indo- China relations and 1962 war; Krishna Kumar Singh
260 ## - PUBLICATION, DISTRIBUTION, ETC. (IMPRINT)
Place of publication, distribution, etc Delhi
Name of publisher, distributor, etc Neeraj Publishing House
Date of publication, distribution, etc 2014
270 ## - ADDRESS
Address 425,Nimri Colony,Ashok Vihar,Phase-IV
City Delhi
Postal code 110052
300 ## - PHYSICAL DESCRIPTION
Extent vi,362p. ;vi,363-772p. ,vi,773-992p.
Dimensions 22cm(Hb)
942 ## - ADDED ENTRY ELEMENTS (KOHA)
Source of classification or shelving scheme Dewey Decimal Classification
Item type English Books
Classification part 355.003
Call number suffix KRI
Holdings
Withdrawn status Lost status Materials specified (bound volume or other part) Not for loan Collection code Home library Current library Date acquired Source of acquisition Cost, normal purchase price Full call number Barcode Copy number Cost, replacement price Koha item type
    v.-1 Not For Loan Non-fiction D.B.Act.Division Bawana 15/07/2016 DBAD/PUB 5000.00 355.003 KRI EN-98970 1 5000.00 English Books
    v.-2 Not For Loan Non-fiction D.B.Act.Division Bawana 15/07/2016 DBAD/PUB 5000.00 355.003 KRI EN-98971 1 5000.00 English Books
    v.-3 Not For Loan Non-fiction D.B.Act.Division Bawana 15/07/2016 DBAD/PUB 5000.00 355.003 KRI EN-98972 1 5000.00 English Books

© Delhi Public Library
Hit Counter
free hit counter